Une lettre suffit pour répondre juste #38 (attention 10 lettres tuent) - Statistiques

Statistiques générales
  • Ce quiz a été pris 49 fois
  • Le résultat moyen est 3 sur 6
Statistiques - réponses
Hint Réponse % Correct
Donne une des 5 lettres de la danse où la personne bouge son corps, ou plus précisément secoue les hanches et les fesses dans un mouvement de va-et-vient TWERK
100%
Donne une des 4 lettres du nom de la comédie française réalisée par Axelle Laffont sortie en 2018 dont voici une des affiches
MILF
64%
Donne une des 3 lettres qui désigne un véhicule aménagé petit et compact qui mesure aux alentours de 5m de longueur et ne dépasse pas généralement 2m de hauteur VAN
43%
Donne la lettre qui complète ce qui désigne le deuxième niveau de la hiérarchie du football italien : Série ? B
26%
Donne la lettre qui complète le nom de cette émission TV : ? à vous
C
26%
Donne une des 2 lettres (dont une lettre est barrée) qui complète le nom de ce groupe de musique franco-finlandais d'indie pop, originaire de Paris : The _ _
DO (The Dø)
26%
Aucun quiz correspondant
Distribution des résultats
% des personnes avec chaque résultat
Percentile par nombre de réponses
Votre historique - résultats
Vous n’avez pas pris ce quiz